Pandorina skrinka Made in Germany

25. výročie znovuzjednotenia Nemecka do spoločného štátu. Motto osláv: Prekonanie hraníc. Negatívna pečať utečeneckej krízy. Postupná transformácia štátu na prisťahovaleckú krajinu. Zaťažkávacia skúška. Nezastupiteľná funkcia Nemecka ako hlavného ťahúňa Európskej únie.

Gespeichert in:
Bibliographische Detailangaben
1. Verfasser: Pressburg, Adrian Peter
Format: Buchkapitel
Sprache:Slowakisch
Schlagworte:
Tags: Tag hinzufügen
Keine Tags, Fügen Sie das erste Tag hinzu!

MARC

LEADER 00000naa a2200000 4500
001 0208125
005 20231113104021.7
041 0 |a slo 
044 |a SK 
245 1 0 |a Pandorina skrinka Made in Germany  |c Adrian Peter Pressburg 
520 |a 25. výročie znovuzjednotenia Nemecka do spoločného štátu. Motto osláv: Prekonanie hraníc. Negatívna pečať utečeneckej krízy. Postupná transformácia štátu na prisťahovaleckú krajinu. Zaťažkávacia skúška. Nezastupiteľná funkcia Nemecka ako hlavného ťahúňa Európskej únie. 
610 2 0 |a štát 
610 2 0 |a politika 
610 2 0 |a vláda 
610 2 0 |a migrácia 
610 2 0 |a utečenci 
610 2 0 |a Nemecko 
100 1 |a Pressburg, Adrian Peter